| 000 | 00714nam a2200241 a 4500 | ||
|---|---|---|---|
| 008 | |||
| 020 | _a0443081611 (hbk.) | ||
| 049 | _aMAIN | ||
| 090 | _aRC86.7 | ||
| 245 | 0 | 0 |
_aResuscitation / _cedited by Sheldon Jacobson. |
| 260 |
_aNew York : _bChurchill Livingstone, _c1983. |
||
| 300 |
_axi, 133 p. : _bill. ; _c24 cm. |
||
| 440 | 0 |
_aClinics in emergency medicine ; _vv. 2 |
|
| 504 | _aIncludes bibliographical references: p. 92. | ||
| 500 | _aIncludes Index. | ||
| 650 | 0 | _aResuscitation. | |
| 700 | 1 | _aJacobson, Sheldon | |
| 907 |
_a.b1015372x _b17-01-07 _c23-02-05 |
||
| 003 | |||
| 005 | 20230120203937.0 | ||
| 040 | _cNUST | ||
| 942 |
_cBOOKS _kRC86.7 |
||
| 999 |
_c114319 _d114319 |
||